Minecraft Loot: Trial Chambers Vault - Statistics

General Stats
  • This quiz has been taken 7 times
  • The average score is 21 of 32
Answer Stats
Pool Item Stack Size Weight % Correct
Pool 1(1) Diamond 1-2 0.8%
100%
Pool 2(1-3) Diamond 1-2 4%
100%
Pool 1(1) Emerald 2-4 14%
100%
Pool 2(1-3) Emerald 2-4 16%
100%
Pool 1(1) Iron Ingot 1-4 2.4%
83%
Pool 2(1-3) Iron Ingot 1-4 12%
83%
Pool 1(1) Wind Charge 1-3 2.4%
83%
Pool 1(1) Wind Charge 4-12 0.8%
83%
Pool 2(1-3) Wind Charge 1-3 12%
83%
Pool 2(1-3) Wind Charge 4-12 4%
83%
Pool 1(1) Arrow 2-8 3.2%
67%
Pool 2(1-3) Arrow 2-8 16%
67%
Pool 3(1) Bolt Armor Trim 1 6.3%
67%
Pool 1(1) Diamond Chestplate 1 3.5%
67%
Pool 1(1) Enchanted Book 1 14%
67%
Pool 1(1) Iron Chestplate 1 7.0%
67%
Pool 1(1) Shield 1 10%
67%
Pool 3(1) Trident 1 2.1%
67%
Pool 1(1) Arrow of Poison 2-8 3.2%
50%
Pool 2(1-3) Arrow of Poison 2-8 16%
50%
Pool 1(1) Bow 1 10%
50%
Pool 1(1) Crossbow 1 7.0%
50%
Pool 1(1) Diamond Axe 1 3.5%
50%
Pool 3(1) Golden Apple 1 8.3%
50%
Pool 1(1) Golden Carrot 1-2 7.0%
50%
Pool 3(1) Guster Banner Pattern 1 4.2%
50%
Pool 1(1) Honey Bottle 1-2 2.4%
50%
Pool 2(1-3) Honey Bottle 1-2 12%
50%
Pool 1(1) Iron Axe 1 7.0%
50%
Pool 1(1) Ominous Bottle 1 1.6%
50%
Pool 2(1-3) Ominous Bottle 1 8%
50%
Pool 3(1) Music Disc (precipice) 1 4.2%
33%
No matching quizzes found
Score Distribution
Percent of People with Each Score
Percentile by Number Answered
Your Score History
You have not taken this quiz